00325nam a2200121Ia 4500008004000000020001800040082001700058100002000075245004200095260004300137300000800180650001500188210210b2002 xxu||||| |||| 00| 0 eng d a81 7033 664 3 a320.454 SHAP aSHARMA (Veena). aPresident in Indian Political system. aNew Delhi.bRawat Publications.,c2002 a276 aPresident